000 00345nam a22001457a 4500
003 OSt
008 250222b |||||||| |||| 00| 0 eng d
041 _aeng
082 _a621.3121
_bBLA/PO
100 _aBlack
_97237
245 _aPower Plant Engineering
260 _aNew Delhi:
_bCBS Publishers,
_c1998.
700 _aVeatch
_97238
942 _cBK
999 _c19443
_d19443